|
|
|
|
| LEADER |
00957nam a2200241 a 4500 |
| 001 |
3998476 |
| 008 |
100509s1997 nyua b 000 0 eng d |
| 010 |
|
|
|a 96026400
|
| 020 |
|
|
|a 0471310042 (cloth)
|
| 040 |
|
|
|a DLC
|c DLC
|d DLC
|d BD-DhAAL
|
| 082 |
0 |
0 |
|a 333.7/14/0973
|2 20
|
| 100 |
1 |
|
|a Ortolano, Leonard.
|
| 245 |
1 |
0 |
|a Environmental regulation and impact assessment /
|c Leonard Ortolano.
|
| 260 |
|
|
|a New York :
|b Wiley,
|c c1997.
|
| 300 |
|
|
|a xv, 604 p. :
|b ill. ;
|c 26 cm.
|
| 504 |
|
|
|a Includes bibliographical references.
|
| 541 |
1 |
|
|e 00020160
|
| 650 |
|
0 |
|a Environmental impact analysis
|z United States.
|
| 650 |
|
0 |
|a Environmental law
|z United States.
|
| 650 |
|
0 |
|a Environmental management
|z United States
|x Case studies.
|
| 852 |
4 |
|
|a Ayesha Abed Library
|j General shelf
|
| 999 |
|
|
|c 8462
|d 8462
|
| 952 |
|
|
|0 0
|1 0
|2 ddc
|4 0
|6 333_714097300000000_ORT_1997
|7 0
|9 9949
|a IGS
|b IGS
|c GEN
|d 2010-05-09
|l 1
|m 3
|o 333.7140973 ORT
|p 3010020160
|r 2014-06-09
|s 2012-12-31
|t 1
|w 2010-05-09
|y BK
|